01615nlm0 22002051i 450 001001300000006001900013007001500032008004100047020001800088040000800106100004500114245009900159260001200258260003000270300001100300520082900311856009301140856009601233856008001329HARMA 223052m g0 d cr mn ---auama260603c go d fre  a9782336596679 bfre0 aCharlie W. Leboites-Kanon, Henry Panhuys aNoir, et Alors ? - Thelma, l’Héritage LibérateurbThelma, l’Héritage Libérateur -  aParis : bEditions L'Harmattan a434 p. a« Quand as-tu compris que tu étais noir ? »<br>On ne me l’a jamais posée, mais je me la suis souvent posée. À l’école, dans les magasins, à la télévision : autant de moments où l’on me renvoyait à ma couleur. Être noir en Occident, ce n’est pas qu’une question de peau, mais un rôle imposé par la société. Charlie W. Leboites-Kanon explore ces mécanismes invisibles : micro-agressions, stéréotypes, fatigue de devoir prouver. Mais aussi la quête de fierté et la construction d’une identité choisie.<br>À la fois témoignage et analyse, ce livre décrypte les inégalités dans l’école, les médias et le travail, et met en lumière le privilège blanc.<br>Noir, et alors ? est une affirmation : un appel à se réapproprier son récit et à construire une société plus juste.40uhttps://www.editions-harmattan.fr/catalogue/couv/9782336596679r.jpg2Image de couverture40uhttps://www.harmatheque.com/downloadebook/97823365966792Télécharger le livre au format PDF40uhttps://www.harmatheque.com/readebook/97823365966792Lire ce livre en ligne